000 00926nam a22002537a 4500
003 BD-DhSAU
005 20181206123011.0
008 161006b2016 bg ad||| |||| 00| 0 eng d
040 _aBD-DhSAU
082 _222
_a630
_bT862
100 _aTuron, Mohsina Jahan
_4Registration No:10-03841
245 _aInfluence of Planting Geometry on growth and yield of Blackgram varieties/
_cTuron, Mohsina Jahan
_bMs Thesis
260 _aDhaka : Sher- e- Bangla Agricultural University :
_bDepartment of Agronomy ,
_c2016
300 _axi, 90 p. :
_bill. ;
_c30 cm.
504 _aIncludes bibliographical references.
590 _aShofi
650 _aAgronomy
650 _aPlanting Geometry
650 _a Blackgram
700 _aKarim,Md. Fazlul
_4Supervisor
700 _aIslam,Md. Shahidul
_4Co-Supervisor
856 _uhttp://archive.saulibrary.edu.bd:8080/xmlui/handle/123456789/563
_yOnline Access
942 _2ddc
_cTHESIS
999 _c14042
_d14041